| 000 | 00567nam a2200205 i 4500 | ||
|---|---|---|---|
| 001 | bg | ||
| 100 | 1 | _aBADŹMIROWSKI, Krzysztof | |
| 245 | 0 |
_aSystemy mikroprocesorowe / _cK. Badźmirowski, J. Pieńkos, W. Piestrzyński. |
|
| 260 |
_aWarszawa, _c1981. |
||
| 490 | 1 | _aUkłady i Systemy Elektroniczne | |
| 650 | 9 | _aMikroprocesor | |
| 700 | 1 | _aPIEŃKOS, Jan | |
| 700 | 1 | _aPIESTRZYŃSKI, Witold | |
| 830 | _aUkłady i Systemy Elektroniczne | ||
| 040 | _cBPK | ||
| 041 | _apol | ||
| 080 | _a681.325 | ||
| 942 | _cKS | ||
| 008 | s pl f |000 0 pol | ||
| 999 |
_c20236 _d20236 |
||
| 856 |
_uhttp://koha.tu.koszalin.pl/cgi-bin/koha/opac-detail.pl?biblionumber=20236 _yKatalog online BPK |
||